Finite element computational fluid mechanics /
Guardado en:
| Autor Principal: | |
|---|---|
| Formato: | Libro |
| Idioma: | English |
| Publicado: |
Washington :
Hemisphere Pub. Corp.,
c1983.
|
| Series: | Series in computational methods in mechanics and thermal sciences
|
| Materias: | |
| Etiquetas: |
Agregar Etiqueta
Sin Etiquetas, Sea el primero en etiquetar este registro!
|
| LEADER | 00892pam a22002415a 4500 | ||
|---|---|---|---|
| 001 | EIQ.libpla001083 | ||
| 008 | 830111s1983####dcua#####b####001#0#eng#d | ||
| 005 | 20080220173906.0 | ||
| 245 | 1 | 0 | |a Finite element computational fluid mechanics / |c A. J. Baker. |
| 260 | |a Washington : |b Hemisphere Pub. Corp., |c c1983. | ||
| 300 | |a xv, 510 p. : |b il. ; |c 24 cm. | ||
| 440 | 0 | |a Series in computational methods in mechanics and thermal sciences | |
| 504 | |a Incluye referencias bibliográficas e índice. | ||
| 020 | |a 0070034656 | ||
| 100 | 1 | |a Baker, A. J., |d 1936- | |
| 082 | 0 | 0 | |a 620.1/06/01515353 |2 19 |
| 650 | 4 | |a Mecánica de fluídos |x Análisis de computación. | |
| 650 | 4 | |a Fluid mechanics |x Computer analysis. | |
| 650 | 4 | |a Elemento finito |x Método. | |
| 650 | 4 | |a Finite element |x Method. | |
| 010 | |a 83000036 | ||
| 040 | |a DLC |c DLC |d AR-BbSID | ||
| 859 | |a AR-BbSID |b BIB. PLAPIQUI |h 620.106 |i B 292 |p 2435 | ||
